Movies Quiz

Random Movies or Role Quiz

Actors' Movies by Role V Quiz Stats

 Plays Quiz Updated Mar 26, 2020

Support Sporcle.
Go Orange.
Score 0/45 Timer 09:00
2 Plays Today
Hint Answer % Correct
Con ArtistCatch Me If You Can
87.4%
NunThe Sound of Music
80.7%
TerroristDie Hard
80.3%
FBI AgentThe Silence of the Lambs
79.7%
StripperMagic Mike
68.6%
FBI AgentThe X-Files
64.7%
TerroristSpeed
64%
Race Car DriverTalladega Nights: The Ballad of Ricky Bobby
62.2%
Race Car DriverDays of Thunder
58.8%
Bounty HunterDjango Unchained
53.2%
StripperStriptease
50.8%
Cancer SuffererThe Fault in Our Stars
49.9%
NunDoubt
49%
NunDead Man Walking
46.3%
Con ArtistThe Sting
45.8%
Cancer Sufferer50/50
45.5%
Con ArtistDirty Rotten Scoundrels
44.2%
Race Car DriverRush
43.2%
ChefChef
42.8%
StripperThe Full Monty
41%
TerroristThe Rock
39.4%
Cancer SuffererThe Bucket List
39.2%
StripperWe're the Millers
38.2%
Hint Answer % Correct
ChefChocolat
37.5%
Cancer SuffererLove Story
37.4%
NunSister Act
35.6%
StripperThe Wrestler
31.1%
Bounty HunterTrue Grit
31%
Con ArtistAmerican Hustle
30.5%
FBI AgentSicario
30.1%
TerroristV for Vendetta
29.4%
Race Car DriverSpeed Racer
26.8%
Race Car DriverNeed for Speed
26.2%
Bounty HunterDomino
24.1%
ChefSpanglish
21.1%
Bounty HunterMidnight Run
20.6%
ChefBurnt
18.9%
Con ArtistThe Grifters
17.3%
TerroristArlington Road
16.1%
ChefNo Reservations
14.5%
Bounty HunterThe Rundown
14.3%
Cancer SuffererBiutiful
8.8%
NunBlack Narcissus
7.7%
FBI AgentTaking Lives
7.4%
FBI AgentUntraceable
4%

From the Vault

15 Categories: Letter 'E' Blitz

by Flick

It might not be easy, but it is entertaining.
Remove Ads.
Support Sporcle.
Get the best of Sporcle when you Go Orange. This ad-free experience offers more features, more stats, and more fun while also helping to support Sporcle. Thank you for becoming a member.

Show Comments

Extras

Top Quizzes Today


Score Distribution

Your Account Isn't Verified!

In order to create a playlist on Sporcle, you need to verify the email address you used during registration. Go to your Sporcle Settings to finish the process.

Report this User

Report this user for behavior that violates our Community Guidelines.

Details: